ბათუმის შოთა რუსთაველის სახელმწიფო უნივერსიტეტის ბიბლიოთეკა

Tempus. Integrated university management system : (ბიბ.ჩანაწერი № 42271)

000 -LEADER
fixed length control field 00947nam a2200241Ia 4500
001 - CONTROL NUMBER
control field 8966
003 - CONTROL NUMBER IDENTIFIER
control field GE_BSU
005 - DATE AND TIME OF LATEST TRANSACTION
control field 20240424162706.0
008 - FIXED-LENGTH DATA ELEMENTS--GENERAL INFORMATION
fixed length control field 181216s2013||||ru |||||||||||||| ||rus||
020 ## - INTERNATIONAL STANDARD BOOK NUMBER
International Standard Book Number 9789666574782
040 ## - CATALOGING SOURCE
Transcribing agency GE_BSU
041 ## - LANGUAGE CODE
Language code of text/sound track or separate title rus
080 ## - UNIVERSAL DECIMAL CLASSIFICATION NUMBER
Universal Decimal Classification number 378 CH-51
100 ## - MAIN ENTRY--PERSONAL NAME
Personal name Chernyshenko, S.V. Lyubchak,V.O. Kyrychenko,K.V.
9 (RLIN) 21918
245 ## - TITLE STATEMENT
Title Tempus. Integrated university management system :
Remainder of title EU Experience on nis Counries' Ground. Analysis of the state of university management information systems in project partner countries /
264 ## - PRODUCTION, PUBLICATION, DISTRIBUTION, MANUFACTURE, AND COPYRIGHT NOTICE
Place of production, publication, distribution, manufacture Sumy:
Name of producer, publisher, distributor, manufacturer Sumy state university,
Date of production, publication, distribution, manufacture, or copyright notice 2013.
300 ## - PHYSICAL DESCRIPTION
Extent 168 p.;
Other physical details 22 cm.
520 ## - SUMMARY, ETC.
Summary, etc. ტექსტი რუსულ ენაზე
653 ## - INDEX TERM--UNCONTROLLED
keyword უნივერსიტეტის მართვის ინტეგრირებული სისტემა
653 ## - INDEX TERM--UNCONTROLLED
keyword ტემპუსი
653 ## - INDEX TERM--UNCONTROLLED
keyword განათლება
942 ## - ADDED ENTRY ELEMENTS (KOHA)
Koha item type წიგნი
Source of classification or shelving scheme
ეგზემპლარები
Withdrawn status Lost status Source of classification or shelving scheme Damaged status Not for loan Permanent Location Current Location Shelving location Date acquired Full call number Barcode Date last seen Copy number Price effective from Koha item type
          ბათუმის შოთა რუსთაველის სახელმწიფო უნივერსიტეტის მთავარი ბიბლიოთეკა ბათუმის შოთა რუსთაველის სახელმწიფო უნივერსიტეტის მთავარი ბიბლიოთეკა წიგნსაცავი 2018-12-17 378 CH-51 31581 2018-12-17 31581 2018-12-17 წიგნი
          ბათუმის შოთა რუსთაველის სახელმწიფო უნივერსიტეტის მთავარი ბიბლიოთეკა ბათუმის შოთა რუსთაველის სახელმწიფო უნივერსიტეტის მთავარი ბიბლიოთეკა წიგნსაცავი 2018-12-17 378 CH-51 26629 2018-12-17 26629 2018-12-17 წიგნი